Ibn Taymiyya's theodicy of perpetual optimism (Record no. 208885)
[ view plain ]
| 000 -LEADER | |
|---|---|
| fixed length control field | 01685nam a2200373Ia 4500 |
| 100 1# - MAIN ENTRY--AUTHOR NAME | |
| Personal name | Hoover, Jon. |
| 245 10 - TITLE STATEMENT | |
| Title | Ibn Taymiyya's theodicy of perpetual optimism |
| 260 ## - PUBLICATION, DISTRIBUTION, ETC. (IMPRINT) | |
| Place of publication | Leiden ; |
| -- | Boston : |
| Name of publisher | Brill, |
| Year of publication | 2007. |
| 300 ## - PHYSICAL DESCRIPTION | |
| Number of Pages | xii, 270 p. |
| 490 1# - SERIES STATEMENT | |
| Series statement | Islamic philosophy, theology, and science, |
| 500 ## - GENERAL NOTE | |
| General note | Originally presented as the author's thesis (Ph.D.--University of Birmingham, 2002) under the title: An Islamic theodicy : Ibn Taymiyya on the wise purpose of God, human agency, and problems of evil and justice. |
| 650 #0 - SUBJECT ADDED ENTRY--TOPICAL TERM | |
| Topical Term | God (Islam) |
| Topical Term | Good and evil |
| Topical Term | Islam |
| Topical Term | Optimism. |
| Topical Term | Theodicy. |
| 856 40 - ELECTRONIC LOCATION AND ACCESS | |
| Uniform Resource Identifier | http://site.ebrary.com/lib/rucke/Doc?id=10359123 |
No items available.
